000
00304nam a2200121Ia 4500
008
190216s9999||||xx |||||||||||||| ||und||
100
_a
Agarwala & Singh Sp
245
0
_a
Economics Of Underdevelopment
260
_b
Oxford University Press
_c
1982
300
_a
510p
650
_a
Economics
942
_c
BK
999
_c
9323
_d
9323